LEADER 01160nam a2200277 u 4500 001 000000029055 003 CaOOAMICUS 005 20070226111855.0 008 970121s1978 it abef u000 u ita u 035 $a10749648 040 $aISV$bita$dPUL(R) 100 1 $aNapoli, Mario,$d1915-1976.$0(OLS)http://pul/name/23561 245 10$aCiviltà della Magna Grecia /$cMario Napoli. 260 $aRoma :$bEurodes,$cc1978. 300 $a436 p., 64 p. of plates :$bill., maps, plans ;$c19 cm 490 1 $aUniversale Eurodes 504 $aIncludes bibliographical references and index. 650 0$aGreeks$zItaly$zMagna Graecia.$2//eng$0(OLS)http://pul/subject/16726 651 0$aMagna Graecia (Italy)$xCivilization.$2//eng$0(OLS)http://pul/subject/16727 830 0$aUniversale Eurodes.$0(OLS)http://pul/title/39713 850 $aPUL 852 $aPUL$W1$xSL Filosofia 1$y2$m118(1) E 11$j40289$nBK-PRI$b $qStampati$B40289$CPULBib$Z2$F40289 $H $81 941 1 $a8 961 $aINV: 53734 996 $6245$aCiviltà della Magna Grecia$9(OLS)http://pul/title/39712 996 $6260$aRoma :$bEurodes$9(OLS)http://pul/publisher/53742 LEADER 01108nam a2200277 u 4500 001 000000088011 003 CaOOAMICUS 005 20070226124452.0 008 051021s1953 it u000 u ita u 035 $a11065318 040 $aPUL(R)$bita 041 1 $aita$hlat 110 2 $aPapi (1939-1958 : Pius PP. XII).$0(OLS)http://pul/name/3722 240 10$aEvangelii praecones.$lItaliano.$0(OLS)http://pul/title/113794 245 10$aSulle missioni cattoliche /$clettera enciclica di S. S. Pio XII. 260 $a[Roma] :$bEdizioni Paoline,$c[1953] 300 $a31 p. ;$c15 cm 490 1 $aIl pastore che ci guida 830 3$aIl pastore che ci guida.$0(OLS)http://pul/title/113796 850 $aPUL 852 $aPUL$W1$xDP1 Fondo Pastorale$y55$mP3 F 38$j111534$nBK-PRI$b $qFondi$B111534$CPULBib$Z2$F111534 $H $81 900 $aPius PP.$bXII,$d1876-1958$93722 900 $aPius PP.$bXII,$d1876-1958$93722 941 1 $a1 996 $6245$aSulle missioni cattoliche$9(OLS)http://pul/title/113795 996 $6260$a[Roma] :$bEdizioni Paoline$9(OLS)http://pul/publisher/51006